1651 1369 1037 1705 1804 1619 1232 1104 1159 1585 1133 1369 1063 1418 1075 1556 1029 1742 1129 1817 1948 1892 1028 1514 1544 1067 1005 1267 1436 1376 1215 1237 1856 1311 1425 1918 1564 1552 1806 1780 1165 1027 1285 1240 1980 1232 1548 1440 1448 1389 1880 1244 1116 1037 1864 1271 1665 1200 1594 1671 1057 1770 1372 1010 1961 1692 1706 1285 1734 1744 1139 1626 1315 1755 1266 1484 1328 1930 1463 1519 1339 1264 1147 1868 1872 1477 1627 1816 1929 1851 1997 1520 1588 1024 1389 1474 1755 1774 1288 BCNSPRNW ULIB Ver.6.0+V

เปลี่ยนเป็นภาษาไทย

Change to English
 แสดงรายละเอียดบรรณานุกรม
  กลับหน้าหลัก

Brief Record : Get Marc (ISO 2709) : E-mail record : QR code < ปิดหน้าต่าง
LEADER : 00000nam 2200000uu 4500
001    13399128542
003     ULIB
008    230906s2564||||th 000 0 tha d
020    ^a9786168201138
060 04 ^aWG180^bว719ก
100 0  ^aวิลาวัณย์ ถิรภัทรพงศ์
245 10 ^aการฟื้นฟูสมรรถภาพหัวใจและปอด = ^bCardiopulmonaryrehabilitation /^cวิลาวัณย์ ถิรภัทรพงศ์
246 31 ^aCardiopulmonary rehabilitation
250    ^aพิมพ์ครั้งที่ 1
260    ^aกรุงเทพฯ :^bสำนักพิมพ์ศิริราช,^c2564
300    ^a290 หน้า :^bภาพประกอบ ;^c30 ซม.
650  4 ^aการฟื้นฟูสมรรถภาพ
650  4 ^aระบบหัวใจและหลอดเลือด^xโรค^xการฟื้นฟูสมรรถภาพ
650  4 ^aหัวใจ, โรค^xการฟื้นฟูสมรรถภาพ
650  4 ^aปอด, โรค^xผู้ป่วย^xการฟื้นฟูสมรรถภาพ
710 2  ^aมหาวิทยาลัยมหิดล.^bคณะแพทยศาสตร์ศิริราชพยาบาล
945    ^p400^l0^i29688
945    ^p400^l0^i29689
999    ^aกัณชพร จุลอักษร
รายการนี้ยังไม่มีแท็ก
คุณยังไม่ได้ล็อกอิน คุณสามารถมีกิจกรรมร่วมกับเว็บไซต์ได้ แต่ต้องล็อกอินก่อน ::
  ล็อกอิน

รายการสื่อสารสนเทศ

ลำดับที่ ประเภท เลขเรียก/บาร์โค้ด สถานที่ สถานะ
1. หนังสือสำรอง
หนังสือสำรอง
WG180 ว719ก ฉ.1 
  Barcode: 29688
ห้องสมุดวิทยาเขตนครสวรรค์
►หนังสือทั่วไป:l:General Books
บนชั้น
2. วิทยาศาสตร์การแพทย์ และสุขภาพ
วิทยาศาสตร์การแพทย์ และสุขภาพ
WG180 ว719ก ฉ.2 
  Barcode: 29689
ห้องสมุดวิทยาเขตนครสวรรค์
►หนังสือทั่วไป:l:General Books
บนชั้น

รายการใกล้เคียง
    ผู้แต่ง [วิลาวัณย์ ถิรภัทรพงศ์]

    หัวเรื่อง [การฟื้นฟูสมรรถภาพ]

BibComment


ยังไม่เคยถูกคอมเมนท์

คอมเมนท์ทรัพยากรรายการนี้
  คอมเมนท์: การฟื้นฟูสมรรถภา..


 Copyright 2026. Bcnsprnw @Library